[Event "4th Mediterranean Open"]
[Site "Rijeka CRO"]
[Date "2010.11.19"]
[Round "8.7"]
[White "Nevednichy, Vladislav"]
[Black "Loncar, Robert"]
[Result "0-1"]
[WhiteTitle "GM"]
[BlackTitle "IM"]
[WhiteElo "2547"]
[BlackElo "2404"]
[WhiteFideId "1205730"]
[BlackFideId "14501325"]
[EventDate "2010.11.13"]

1. e4 e5 2. Bc4 Nf6 3. d3 Nc6 4. Nf3 Bc5 5. O-O O-O 6. Bb3 a6 7. c3 Ba7 8. h3 d6
9. Re1 Ne7 10. Nbd2 Ng6 11. Nf1 Be6 12. Ng3 c5 13. Be3 h6 14. Qd2 Kh7 15. Bxe6
fxe6 16. d4 cxd4 17. cxd4 Qe7 18. dxe5 dxe5 19. Bxa7 Rxa7 20. Qc3 Nd7 21. Rad1
b5 22. Re2 b4 23. Qe3 Rc7 24. Red2 Rfc8 25. h4 Qf7 26. h5 Nf4 27. Rd6 a5 28.
R6d2 Re8 29. a3 Re7 30. axb4 axb4 31. Re1 Nxh5 32. Rxd7 Rexd7 33. Nxe5 Qe8 34.
Nxd7 Rxd7 35. Nf1 e5 36. Qb6 Nf4 37. Ng3 Rd2 38. b3 Qf7 39. Qe3 Rd3 40. Qc5 Rxb3
41. Qc8 Rb2 42. Ra1 Ne2+ 43. Nxe2 Rxe2 44. Rf1 Rxe4 45. Qc2 Qg6 46. g3 Rd4 47.
Qc5 Qe4 48. Qb6 Qd5 49. Qc7 b3 50. Qc8 Qe4 51. Qc1 Qc2 52. Qe3 Rd1 0-1

[Event "4th Mediterranean Open"]
[Site "Rijeka CRO"]
[Date "2010.11.19"]
[Round "8.8"]
[White "Jovanic, Ognjen"]
[Black "Caspi, Israel"]
[Result "1/2-1/2"]
[WhiteTitle "GM"]
[BlackTitle "IM"]
[WhiteElo "2532"]
[BlackElo "2460"]
[WhiteFideId "14504081"]
[BlackFideId "2807394"]
[EventDate "2010.11.13"]

1. d4 Nf6 2. c4 g6 3. Nc3 Bg7 4. Nf3 d6 5. Bg5 Nbd7 6. e3 h6 7. Bh4 g5 8. Bg3
Nh5 9. Qc2 e6 10. Be2 Qe7 11. d5 Ndf6 12. Nd4 Nxg3 13. hxg3 Bd7 14. Bf3 Rb8 15.
Rd1 O-O 16. O-O Rfc8 17. e4 c6 18. Rfe1 Ne8 19. Qd2 cxd5 20. cxd5 Rc4 21. Qe3
Rbc8 22. Rd2 a6 23. Bd1 Qf6 24. dxe6 fxe6 25. Nf3 g4 26. Nh4 Qg5 27. Qe2 Rxc3
28. bxc3 Bxc3 29. Rc2 Bxe1 30. Qxe1 Rxc2 31. Bxc2 Nf6 32. Kh2 Kg7 33. a4 b5 34.
Qa5 Ne8 35. Qxa6 Qc5 36. Qb7 Qc7 37. Qxc7 Nxc7 38. axb5 Nxb5 39. Ba4 Kf6 40. f3
h5 41. Kg1 Bc6 42. Kf2 Nd4 43. Bxc6 Nxc6 44. Ke3 Kg5 45. f4+ Kf6 46. f5 Ne7 47.
Kf4 exf5 48. exf5 d5 49. Ng6 Nxf5 50. Nf8 Nd4 51. Nd7+ Ke6 52. Nc5+ Kd6 53. Nd3
Ne2+ 54. Kg5 Nxg3 55. Kh4 Nf5+ 56. Kxh5 Ne3 57. Kg5 d4 58. Kf4 Kd5 59. g3 Kc4
60. Ne5+ Kc3 61. Ke4 Nd1 62. Nd3 Ne3 63. Ne5 Nf1 64. Kf4 Nh2 65. Ke4 Nf1 66. Kf4
d3 67. Ke4 1/2-1/2

[Event "4th Mediterranean Open"]
[Site "Rijeka CRO"]
[Date "2010.11.19"]
[Round "8.9"]
[White "Cvitan, Ognjen"]
[Black "Franciskovic, Borka"]
[Result "1/2-1/2"]
[WhiteTitle "GM"]
[BlackTitle "WIM"]
[WhiteElo "2526"]
[BlackElo "2274"]
[WhiteFideId "14500086"]
[BlackFideId "14507943"]
[EventDate "2010.11.13"]

1. Nf3 Nf6 2. c4 c5 3. g3 b6 4. Bg2 Bb7 5. O-O e6 6. Nc3 Be7 7. d4 cxd4 8. Qxd4
d6 9. Bg5 a6 10. Bxf6 Bxf6 11. Qd3 1/2-1/2

[Event "4th Mediterranean Open"]
[Site "Rijeka CRO"]
[Date "2010.11.19"]
[Round "8.10"]
[White "Yilmaz, Mustafa"]
[Black "Drazic, Sinisa"]
[Result "1-0"]
[WhiteTitle "IM"]
[BlackTitle "GM"]
[WhiteElo "2476"]
[BlackElo "2524"]
[WhiteFideId "6302718"]
[BlackFideId "901172"]
[EventDate "2010.11.13"]

1. e4 g6 2. d4 Bg7 3. Nc3 a6 4. Be3 d6 5. f4 b5 6. Bd3 Bb7 7. Nf3 Nf6 8. e5 Nd5
9. Nxd5 Bxd5 10. Qe2 Nd7 11. a4 O-O 12. O-O Rb8 13. c3 c6 14. Bf2 Nb6 15. axb5
axb5 16. Bh4 Qd7 17. f5 gxf5 18. Ng5 e6 19. Nxh7 f6 20. Nxf8 Rxf8 21. exd6 Nc4
22. Bg3 Bh6 23. Bf4 Bxf4 24. Rxf4 Nxd6 25. Rh4 Ne8 26. Rh6 Qg7 27. Rh3 Qf7 28.
Qf2 Ng7 29. Qh4 Qc7 30. Qh7+ Kf7 31. Rg3 Rg8 32. Qg6+ Ke7 33. Qxg7+ 1-0

[Event "4th Mediterranean Open"]
[Site "Rijeka CRO"]
[Date "2010.11.19"]
[Round "8.11"]
[White "Martinovic, Sasa"]
[Black "Ivanov, Stojan Emilov"]
[Result "1-0"]
[WhiteTitle "IM"]
[WhiteElo "2502"]
[BlackElo "2205"]
[WhiteFideId "14509792"]
[BlackFideId "2903245"]
[EventDate "2010.11.13"]

1. Nf3 Nf6 2. g3 d5 3. Bg2 c6 4. O-O Bg4 5. d3 e6 6. Nbd2 Be7 7. e4 O-O 8. h3
Bxf3 9. Qxf3 Nbd7 10. Qe2 Qc7 11. f4 dxe4 12. dxe4 Rad8 13. Kh1 Nb6 14. a3 Rfe8
15. e5 Nfd7 16. Ne4 Nc5 17. Be3 Nxe4 18. Bxe4 Na4 19. Qc4 Nb6 20. Qb3 Rd7 21.
Rae1 g6 22. c4 Red8 23. Qc2 c5 24. b3 Nc8 25. h4 Bf8 26. h5 Ne7 27. g4 Nc6 28.
hxg6 fxg6 29. f5 Nd4 30. Bxd4 Rxd4 31. fxe6 Rd2 32. Qc3 Qe7 33. Rf6 Bg7 34. Bd5
Rd4 35. Qf3 Kh8 36. Kg2 b5 37. Kg3 a5 38. Rf7 Qg5 39. Rxg7 h5 40. Rf7 Rxg4+ 41.
Kf2 Qh4+ 42. Kf1 bxc4 43. e7 Rg1+ 44. Kxg1 Qxe1+ 45. Kg2 Qd2+ 46. Kh3 1-0

[Event "4th Mediterranean Open"]
[Site "Rijeka CRO"]
[Date "2010.11.19"]
[Round "8.12"]
[White "Bukal, Vladimir Jr."]
[Black "Fercec, Nenad"]
[Result "1-0"]
[WhiteTitle "IM"]
[BlackTitle "GM"]
[WhiteElo "2390"]
[BlackElo "2491"]
[WhiteFideId "14502941"]
[BlackFideId "14500299"]
[EventDate "2010.11.13"]

1. d4 Nf6 2. c4 g6 3. g3 Bg7 4. Bg2 d5 5. cxd5 Nxd5 6. e4 Nb6 7. Ne2 c5 8. d5 e6
9. O-O exd5 10. exd5 O-O 11. Nec3 Na6 12. a4 Bf5 13. g4 Bd7 14. Nd2 f5 15. a5
Nc8 16. Nc4 fxg4 17. Be3 Qh4 18. d6 Rb8 19. Qd5+ Kh8 20. Ne5 Bc6 21. Nxc6 bxc6
22. Qe6 Rf6 23. Qc4 Nb4 24. d7 Nd6 25. Qxc5 Rf5 26. Qxd6 Be5 27. Qxe5+ Rxe5 28.
Bd4 Nd3 29. Rfe1 Qf6 30. Rxe5 Nxe5 31. Re1 Nf3+ 32. Bxf3 Qxd4 33. Re8+ Kg7 34.
Rxb8 Qxd7 35. a6 Qd3 36. Rb7+ Kh6 37. Be2 Qd4 38. Bf1 Qc5 39. Na4 Qd4 40. b4 Kg5
41. Nc5 Kf6 42. Rxa7 Qxb4 43. Nd7+ Kg5 44. Rb7 1-0

[Event "4th Mediterranean Open"]
[Site "Rijeka CRO"]
[Date "2010.11.19"]
[Round "8.13"]
[White "Rukavina, Josip"]
[Black "Plenca, Julijan"]
[Result "1-0"]
[WhiteTitle "IM"]
[BlackTitle "FM"]
[WhiteElo "2421"]
[BlackElo "2311"]
[WhiteFideId "14500191"]
[BlackFideId "14508044"]
[EventDate "2010.11.13"]

1. d4 Nf6 2. Bg5 e6 3. e3 h6 4. Bh4 c5 5. Nd2 Nc6 6. c3 a6 7. Bd3 d6 8. f4 Be7
9. Bxf6 Bxf6 10. dxc5 dxc5 11. Ne4 Bh4+ 12. g3 Be7 13. Nf3 Qc7 14. Bf1 Bd7 15.
Qc2 O-O-O 16. O-O-O Kb8 17. Ned2 g5 18. Nc4 f6 19. Bg2 Rhg8 20. Rhe1 Rg7 21. Ng1
Ka7 22. Ne2 b5 23. Nd2 Rb8 24. Kb1 Be8 25. Ka1 Rb6 26. Ne4 b4 27. Nd2 a5 28. Nc4
Ra6 29. Rd2 a4 30. Red1 b3 31. Qe4 Kb8 32. Nd6 a3 33. Nxe8 Qa7 34. Nc1 Rg8 35.
Qxc6 Rxc6 36. Bxc6 Qb6 37. Ba4 c4 38. axb3 Qxe3 39. f5 exf5 40. bxc4 f4 41. Re2
Qf3 42. Rxe7 axb2+ 43. Kxb2 Qf2+ 44. Ka1 Qb6 45. Nd3 Qa5 46. Rb1+ Ka8 47. Rb4 f5
48. Kb2 Rg6 49. Nc7+ 1-0

[Event "4th Mediterranean Open"]
[Site "Rijeka CRO"]
[Date "2010.11.19"]
[Round "8.14"]
[White "Paljusaj, Edmond"]
[Black "Brumen, Dinko"]
[Result "1-0"]
[WhiteTitle "FM"]
[BlackTitle "IM"]
[WhiteElo "2316"]
[BlackElo "2359"]
[WhiteFideId "14505231"]
[BlackFideId "14501490"]
[EventDate "2010.11.13"]

1. e4 e6 2. d4 d5 3. Nc3 Bb4 4. Ne2 dxe4 5. a3 Bxc3+ 6. Nxc3 Nc6 7. Bb5 Ne7 8.
Bg5 f6 9. Be3 O-O 10. Qd2 f5 11. f3 Nd5 12. Bxc6 bxc6 13. Nxd5 cxd5 14. O-O-O
Rb8 15. Bf4 Qd7 16. Qc3 Rf7 17. Be5 Ba6 18. f4 Rb6 19. Rd2 Bc4 20. g4 Qb5 21. b3
Bxb3 22. Qxb3 Qxb3 23. cxb3 Rxb3 24. g5 Rxa3 25. Kb2 Ra6 26. Ra1 Rb6+ 27. Kc1
Rb7 28. h4 Rf8 29. h5 Kf7 30. Rda2 Ra8 31. g6+ hxg6 32. hxg6+ Ke7 33. Rh2 Rg8
34. Rb2 Rgb8 35. Rxb7 Rxb7 36. Bxg7 Rb8 37. Rxa7 Rg8 38. Rxc7+ Kd8 39. Ra7 Re8
40. Bf6+ Kc8 41. g7 1-0

[Event "4th Mediterranean Open"]
[Site "Rijeka CRO"]
[Date "2010.11.19"]
[Round "8.15"]
[White "Hagesaether, Ellen"]
[Black "Foglia, Maurizio"]
[Result "1-0"]
[WhiteTitle "WIM"]
[WhiteElo "2275"]
[BlackElo "2204"]
[WhiteFideId "1501909"]
[BlackFideId "806838"]
[EventDate "2010.11.13"]

1. e4 d5 2. exd5 Qxd5 3. Nc3 Qa5 4. g3 Nf6 5. Bg2 c6 6. Nge2 Bf5 7. b4 Qc7 8. d3
e6 9. Rb1 Nbd7 10. O-O Be7 11. h3 h6 12. Nd4 Bh7 13. Re1 O-O 14. b5 Nd5 15. Bxd5
cxd5 16. Nxd5 exd5 17. Rxe7 Rfe8 18. Qe2 Nf6 1-0

[Event "4th Mediterranean Open"]
[Site "Rijeka CRO"]
[Date "2010.11.19"]
[Round "8.16"]
[White "Nikolov, Sasho"]
[Black "Medancic, Rikard"]
[Result "1-0"]
[WhiteTitle "IM"]
[BlackTitle "IM"]
[WhiteElo "2458"]
[BlackElo "2284"]
[WhiteFideId "2900297"]
[BlackFideId "14500531"]
[EventDate "2010.11.13"]

1. e4 e5 2. Nf3 Nc6 3. c3 d5 4. Qa4 f6 5. Bb5 Ne7 6. O-O dxe4 7. Qxe4 Bf5 8. Qe2
a6 9. Bxc6+ Nxc6 10. d4 Be7 11. Rd1 exd4 12. Nxd4 Nxd4 13. Rxd4 Qc8 14. Bf4 c5
15. Rd2 Qe6 16. c4 Qxe2 17. Rxe2 Kf7 18. Nd2 Rhd8 19. h3 g5 20. Be3 Rd7 21. f4
h6 22. g4 Bd3 23. Rf2 Kg7 24. b3 Re8 25. Nf1 b5 26. Ng3 bxc4 27. bxc4 Bd6 28.
Bd2 Kg6 29. Rd1 Red8 30. Ba5 Bc7 31. Bxc7 Rxc7 32. Rfd2 gxf4 33. Nh5 Rd4 34.
Rxd3 Rxc4 35. Rf1 Re7 36. Nxf4+ Kg5 37. Rd8 Rc2 38. h4+ Kxh4 39. Ng6+ Kg3 40.
Rd3+ 1-0

[Event "4th Mediterranean Open"]
[Site "Rijeka CRO"]
[Date "2010.11.19"]
[Round "8.18"]
[White "Naslund, Mikael"]
[Black "Battaglini, Gabriel"]
[Result "0-1"]
[WhiteTitle "FM"]
[BlackTitle "IM"]
[WhiteElo "2151"]
[BlackElo "2446"]
[WhiteFideId "1708260"]
[BlackFideId "621650"]
[EventDate "2010.11.13"]

1. d4 Nf6 2. c4 e6 3. g3 d5 4. Bg2 dxc4 5. Nf3 a6 6. O-O Nc6 7. Nc3 Rb8 8. e4
Be7 9. Qe2 b5 10. d5 exd5 11. exd5 Nb4 12. Nd4 Bd7 13. Re1 Nd3 14. Bg5 Nxe1 15.
Rxe1 Kf8 16. Nc6 Bxc6 17. dxc6 h6 18. Bxf6 Bxf6 19. Nd5 Qd6 20. Qf3 Rd8 21. Qf5
Qxc6 22. Nf4 Qd7 23. Qc5+ Qd6 24. Qf5 Qd7 25. Qc5+ Be7 26. Qh5 Bg5 27. Nd5 c6
28. Nb4 Qd2 0-1

[Event "4th Mediterranean Open"]
[Site "Rijeka CRO"]
[Date "2010.11.20"]
[Round "9.1"]
[White "Stevic, Hrvoje"]
[Black "Lenic, Luka"]
[Result "1-0"]
[WhiteTitle "GM"]
[BlackTitle "GM"]
[WhiteElo "2621"]
[BlackElo "2619"]
[WhiteFideId "14502569"]
[BlackFideId "14603853"]
[EventDate "2010.11.13"]

1. e4 e5 2. Nc3 Nf6 3. g3 d5 4. exd5 Nxd5 5. Bg2 Nxc3 6. bxc3 Bd6 7. Nf3 Nd7 8.
O-O O-O 9. d4 h6 10. Re1 exd4 11. cxd4 Nb6 12. Qd3 c6 13. c4 Bb4 14. Re3 Bg4 15.
Rb1 c5 16. d5 Qf6 17. Ne5 Bf5 18. Be4 Qxe5 19. Bxf5 Qd4 20. Qxd4 cxd4 21. Rxb4
dxe3 22. Bxe3 Rfd8 23. Bh3 g5 24. a4 Rd6 25. a5 Nxc4 26. Rxc4 Rxd5 27. Ra4 Re8
28. Bf1 Ree5 29. a6 bxa6 30. Rxa6 h5 31. Rxa7 Ra5 32. Rc7 g4 33. Bc4 Rf5 34.
Rc8+ Kg7 35. Bd4+ 1-0

[Event "4th Mediterranean Open"]
[Site "Rijeka CRO"]
[Date "2010.11.20"]
[Round "9.3"]
[White "Saric, Ivan"]
[Black "Haznedaroglu, Kivanc"]
[Result "1/2-1/2"]
[WhiteTitle "GM"]
[BlackTitle "GM"]
[WhiteElo "2574"]
[BlackElo "2439"]
[WhiteFideId "14508150"]
[BlackFideId "6300634"]
[EventDate "2010.11.13"]

1. e4 e5 2. Nf3 Nc6 3. Bb5 Nf6 4. O-O Nxe4 5. d4 Nd6 6. Bxc6 dxc6 7. dxe5 Nf5 8.
Qxd8+ Kxd8 9. Nc3 Ke8 10. h3 h6 11. Rd1 Be6 12. b3 Bb4 13. Ne2 g5 14. Bb2 a5 15.
a4 Rg8 16. g4 Ne7 17. Ng3 Nd5 18. Nh5 Be7 19. Nd4 Rd8 20. Kg2 Nb4 21. c4 c5 22.
Nxe6 fxe6 23. Rxd8+ Bxd8 24. Rd1 Rf8 25. Kg3 Nc6 26. Rd3 Be7 27. f4 gxf4+ 28.
Nxf4 Nd8 29. Rf3 Bg5 30. Ng2 Rxf3+ 31. Kxf3 Nc6 32. h4 Be7 33. Ke4 Kf7 34. h5
Bg5 35. Ne1 Kg7 36. Nc2 Kf7 37. Na3 Ke8 38. Nb5 Kd7 39. Bc3 b6 40. Be1 Nd8 41.
Bg3 Nf7 42. Bf4 Be7 43. Ke3 Ng5 44. Bg3 Nf7 45. Nc3 Ng5 46. Bh4 Nh7 47. Bxe7
Kxe7 48. Ne4 Ng5 49. Kf4 Nh3+ 50. Kf3 Ng5+ 51. Ke3 Ke8 52. Kf4 Nh3+ 53. Kg3 Ng5
54. Nf6+ Kf7 55. Kf4 Nh3+ 56. Kf3 Ng5+ 57. Kg3 Kf8 58. Kf4 Nh3+ 59. Ke3 Ng5 60.
Ne4 Ke7 61. Nf2 Ke8 62. Nd3 Ke7 63. Nc1 Ke8 64. Ne2 Ke7 65. Nc3 Ke8 66. Ne4 Ke7
67. Nf6 Kf7 68. Ne4 Ke7 69. Nxg5 hxg5 70. Ke4 1/2-1/2

[Event "4th Mediterranean Open"]
[Site "Rijeka CRO"]
[Date "2010.11.20"]
[Round "9.4"]
[White "Brkic, Ante"]
[Black "Predojevic, Borki"]
[Result "1/2-1/2"]
[WhiteTitle "GM"]
[BlackTitle "GM"]
[WhiteElo "2564"]
[BlackElo "2632"]
[WhiteFideId "14506688"]
[BlackFideId "930849"]
[EventDate "2010.11.13"]

1. e4 e5 2. Nf3 Nc6 3. Bb5 a6 4. Ba4 Nf6 5. O-O Be7 6. Re1 b5 7. Bb3 d6 8. c3
O-O 9. h3 Nb8 10. d4 Nbd7 11. Nbd2 Bb7 12. Bc2 Re8 13. Nf1 Bf8 14. Ng3 g6 15. a4
Bg7 16. b3 exd4 17. cxd4 c5 18. Bb2 cxd4 19. Bxd4 1/2-1/2

[Event "4th Mediterranean Open"]
[Site "Rijeka CRO"]
[Date "2010.11.20"]
[Round "9.5"]
[White "Loncar, Robert"]
[Black "Tate, Alan"]
[Result "0-1"]
[WhiteTitle "IM"]
[WhiteElo "2404"]
[BlackElo "2234"]
[WhiteFideId "14501325"]
[BlackFideId "2401878"]
[EventDate "2010.11.13"]

1. Nf3 Nf6 2. c4 g6 3. Nc3 Bg7 4. e4 O-O 5. d4 d6 6. Be2 Nbd7 7. O-O e5 8. Be3
Re8 9. d5 Nh5 10. g3 Bf8 11. Ne1 Ng7 12. Nd3 f5 13. f3 Be7 14. Qd2 Nf6 15. Nf2
Rf8 16. Rae1 Nfh5 17. f4 exf4 18. gxf4 Bh4 19. Bf3 fxe4 20. Ncxe4 Bf5 21. Bd4
Qd7 22. Bg2 Rae8 23. Ng5 h6 24. Nf3 Rxe1 25. Rxe1 Bxf2+ 26. Bxf2 Bh3 27. Bg3
Bxg2 28. Qxg2 Nxf4 29. Qd2 Qg4 30. Nd4 Ngh5 31. Qd1 Nh3+ 32. Kg2 0-1

[Event "4th Mediterranean Open"]
[Site "Rijeka CRO"]
[Date "2010.11.20"]
[Round "9.6"]
[White "Jovanic, Ognjen"]
[Black "Yilmaz, Mustafa"]
[Result "0-1"]
[WhiteTitle "GM"]
[BlackTitle "IM"]
[WhiteElo "2532"]
[BlackElo "2476"]
[WhiteFideId "14504081"]
[BlackFideId "6302718"]
[EventDate "2010.11.13"]

1. d4 Nf6 2. Nf3 e6 3. Bg5 c5 4. e3 h6 5. Bh4 Qb6 6. Nbd2 cxd4 7. exd4 Qxb2 8.
Bxf6 gxf6 9. Bd3 Qb6 10. O-O Bg7 11. Ne4 Qc7 12. Qd2 Nc6 13. Rae1 d5 14. Ng3 h5
15. c4 dxc4 16. Bxc4 Ne7 17. Bb3 h4 18. Ne4 h3 19. g3 O-O 20. Rc1 Qd8 21. Rc5 f5
22. Neg5 b6 23. Rc3 Bb7 24. Nxe6 fxe6 25. Bxe6+ Kh8 26. Qg5 Ng8 27. Qh5+ Nh6 28.
Ne5 Qxd4 29. Ng6+ Kh7 30. Rc4 Qf6 31. Nxf8+ Rxf8 32. Re1 Be4 33. Bd7 Qf7 34.
Qxf7 Nxf7 35. f4 Nd6 36. Ra4 b5 37. Raxe4 Nxe4 38. Bxb5 Rd8 39. Kf1 Bc3 0-1

[Event "4th Mediterranean Open"]
[Site "Rijeka CRO"]
[Date "2010.11.20"]
[Round "9.7"]
[White "Baron, Tal"]
[Black "Kurajica, Bojan"]
[Result "0-1"]
[WhiteTitle "IM"]
[BlackTitle "GM"]
[WhiteElo "2455"]
[BlackElo "2529"]
[WhiteFideId "2809958"]
[BlackFideId "14400057"]
[EventDate "2010.11.13"]

1. e4 d5 2. exd5 Qxd5 3. Nf3 Bg4 4. Be2 Nc6 5. d4 O-O-O 6. c4 Qf5 7. Be3 Bxf3 8.
Bxf3 Nxd4 9. Bxd4 Qe6+ 10. Be2 c5 11. Qa4 cxd4 12. Qxa7 Qe5 13. Na3 e6 14. Qa8+
Qb8 15. Qa5 d3 16. Bf3 d2+ 17. Ke2 Ne7 18. Rhd1 Nf5 19. Nb5 Nd4+ 20. Kf1 Nxf3
21. Na7+ Kd7 22. gxf3 Ke7 23. c5 Rd5 24. Nb5 Qxh2 25. Nd6 Kf6 26. Ne4+ Kg6 27.
Ke2 h6 28. Rxd2 Rxd2+ 29. Qxd2 f5 30. Qd7 Qe5 31. Rg1+ Kh7 32. Qxb7 fxe4 33. b4
Qb2+ 34. Kf1 Qb1+ 35. Kg2 exf3+ 36. Kh2 Qxa2 37. Qxf3 Qd5 38. Qxd5 exd5 39. Re1
Kg6 40. Re5 Kf6 41. Rxd5 Be7 42. Rd4 Rb8 43. Re4 Bd8 44. Kg3 Bc7+ 45. Kf3 h5 46.
Ke3 g5 47. Kd3 h4 48. Kc4 h3 49. b5 Kf5 50. Re1 Kf4 0-1

[Event "4th Mediterranean Open"]
[Site "Rijeka CRO"]
[Date "2010.11.20"]
[Round "9.9"]
[White "Franciskovic, Borka"]
[Black "Martinovic, Sasa"]
[Result "0-1"]
[WhiteTitle "WIM"]
[BlackTitle "IM"]
[WhiteElo "2274"]
[BlackElo "2502"]
[WhiteFideId "14507943"]
[BlackFideId "14509792"]
[EventDate "2010.11.13"]

1. c4 g6 2. g3 Bg7 3. Bg2 e5 4. Nc3 d6 5. d3 f5 6. Nf3 Ne7 7. Bg5 c6 8. O-O h6
9. Bxe7 Qxe7 10. Nd2 O-O 11. Qc2 Na6 12. Rab1 Be6 13. b4 Rac8 14. b5 Nc5 15.
bxc6 bxc6 16. Na4 d5 17. Nxc5 Qxc5 18. Qa4 e4 19. Nb3 Qe7 20. Na5 Rc7 21. cxd5
cxd5 22. Rfc1 Rfc8 23. Rxc7 Qxc7 24. Nb3 Kh7 25. Rc1 Qxc1+ 26. Nxc1 Rxc1+ 27.
Bf1 f4 28. Kg2 f3+ 29. exf3 exf3+ 30. Kxf3 Rxf1 31. Qxa7 d4 32. a4 Bf5 33. Qa6
Rd1 34. Ke2 Bxd3+ 35. Qxd3 Rxd3 36. Kxd3 Bf6 37. f4 Kg7 38. g4 Kf7 39. a5 Bd8
40. f5 g5 41. a6 Bb6 42. h3 Kf6 43. Ke4 Ba7 44. Kd3 h5 45. Ke4 h4 46. Kd3 Ke5
47. Kc4 Kd6 48. Kd3 Kd5 49. Kd2 Bb6 50. Kd3 Bc5 51. Kd2 Kc4 52. f6 Kb5 53. Kd3
Kxa6 54. Kc4 Kb6 55. f7 Kc6 56. Kd3 Kd5 0-1

[Event "4th Mediterranean Open"]
[Site "Rijeka CRO"]
[Date "2010.11.20"]
[Round "9.10"]
[White "Berescu, Alin-Mile"]
[Black "Bukal, Vladimir Jr."]
[Result "1-0"]
[WhiteTitle "GM"]
[BlackTitle "IM"]
[WhiteElo "2468"]
[BlackElo "2390"]
[WhiteFideId "1204920"]
[BlackFideId "14502941"]
[EventDate "2010.11.13"]

1. e4 g6 2. d4 d6 3. Nc3 a6 4. f4 Bg7 5. Nf3 b5 6. Bd3 Nd7 7. e5 Nb6 8. O-O Nh6
9. Ne4 O-O 10. c3 Be6 11. b3 Rc8 12. Ba3 f6 13. Qd2 Kh8 14. Rae1 Qd7 15. Qe2 Nd5
16. Qd2 Nb6 17. Kh1 Rcd8 18. Qc2 Nd5 19. Bc1 Bg4 20. exf6 exf6 21. Bd2 Nf5 22.
Ng1 b4 23. c4 Nxd4 24. Qb1 Ne7 25. Bxb4 c5 26. Bc3 Nec6 27. Ng3 f5 28. h3 h5 29.
hxg4 hxg4 30. Qb2 Bf6 31. N1e2 Qe7 32. Kh2 Ne5 33. fxe5 Bxe5 34. Rh1 f4 35. Nxd4
Kg8 36. Nc6 fxg3+ 37. Kg1 Qf6 38. Rf1 Qg5 39. Qd2 Rxf1+ 40. Bxf1 Qf6 1-0

[Event "4th Mediterranean Open"]
[Site "Rijeka CRO"]
[Date "2010.11.20"]
[Round "9.11"]
[White "Caspi, Israel"]
[Black "Paljusaj, Edmond"]
[Result "1-0"]
[WhiteTitle "IM"]
[BlackTitle "FM"]
[WhiteElo "2460"]
[BlackElo "2316"]
[WhiteFideId "2807394"]
[BlackFideId "14505231"]
[EventDate "2010.11.13"]

1. e4 c5 2. Nf3 e6 3. d4 cxd4 4. Nxd4 a6 5. Nc3 b5 6. Bd3 Bb7 7. O-O Nc6 8. Nxc6
Bxc6 9. Re1 Bc5 10. e5 f5 11. Qh5+ g6 12. Qh3 Kf7 13. Be3 Qb6 14. Qh4 b4 15. Nd1
h6 16. a3 a5 17. Bxc5 Qxc5 18. axb4 axb4 19. Rxa8 Bxa8 20. Ne3 g5 21. Qh5+ Kg7
22. h4 Ne7 23. hxg5 Rh7 24. Ng4 hxg5 25. Qxg5+ Kf8 26. Nf6 Rg7 27. Nxd7+ Ke8 28.
Nxc5 Rxg5 29. Nxe6 Rxg2+ 30. Kf1 Bb7 31. Bb5+ 1-0

[Event "4th Mediterranean Open"]
[Site "Rijeka CRO"]
[Date "2010.11.20"]
[Round "9.12"]
[White "Nevednichy, Vladislav"]
[Black "Hagesaether, Ellen"]
[Result "1-0"]
[WhiteTitle "GM"]
[BlackTitle "WIM"]
[WhiteElo "2547"]
[BlackElo "2275"]
[WhiteFideId "1205730"]
[BlackFideId "1501909"]
[EventDate "2010.11.13"]

1. c4 e5 2. Nc3 d6 3. g3 f5 4. Bg2 Nc6 5. d3 Nf6 6. e3 Be7 7. Nge2 O-O 8. O-O
Qe8 9. f4 Bd8 10. Nd5 Ne7 11. Nxf6+ gxf6 12. e4 c6 13. Be3 Be6 14. b3 Bb6 15.
Bxb6 axb6 16. Qd2 Qd7 17. Qe3 Ra6 18. fxe5 dxe5 19. d4 fxe4 20. dxe5 f5 21. Rad1
Qe8 22. Qg5+ Ng6 23. Nf4 Ra5 24. Nh5 Qe7 25. Nf6+ Kh8 26. Nxe4 Rxe5 27. Qxe7
Nxe7 28. Nd6 Bc8 29. Rfe1 Ng6 30. Rxe5 Nxe5 31. Re1 Nd3 32. Re7 Kg8 33. Bh3 Nc1
34. Nxc8 Rxc8 35. Bxf5 Rd8 36. Bxh7+ Kh8 37. Rxb7 Rd1+ 38. Kg2 Rd2+ 39. Kh3 Rxa2
40. Be4 Nxb3 41. Bxc6 Nd2 42. Rxb6 Rc2 43. Bd5 Nf1 44. Rh6+ Kg7 45. Rh7+ 1-0

[Event "4th Mediterranean Open"]
[Site "Rijeka CRO"]
[Date "2010.11.20"]
[Round "9.13"]
[White "Drljevic, Ljilja"]
[Black "Nikolov, Sasho"]
[Result "1-0"]
[WhiteTitle "WIM"]
[BlackTitle "IM"]
[WhiteElo "2298"]
[BlackElo "2458"]
[WhiteFideId "928879"]
[BlackFideId "2900297"]
[EventDate "2010.11.13"]

1. e4 c5 2. d3 Nc6 3. g3 Nf6 4. Bg2 d5 5. Nd2 Bg4 6. Ngf3 e6 7. O-O Be7 8. h3
Bh5 9. Re1 O-O 10. g4 dxe4 11. dxe4 Bg6 12. Nh4 Qc7 13. Nxg6 hxg6 14. Nf3 Bd6
15. Qe2 Nd7 16. Be3 Bf4 17. Rad1 Rad8 18. c3 Bxe3 19. Qxe3 Qb6 20. Ng5 c4 21.
Qg3 Rfe8 22. e5 Ncxe5 23. Qh4 Nd3 24. Qh7+ Kf8 25. Re3 Nf6 26. Qh8+ Ng8 27. Nh7+
Ke7 28. Qxg7 Qxb2 29. Rf1 Rd6 30. Ng5 Rf8 31. Rf3 1-0

[Event "4th Mediterranean Open"]
[Site "Rijeka CRO"]
[Date "2010.11.20"]
[Round "9.15"]
[White "Battaglini, Gabriel"]
[Black "Foglia, Maurizio"]
[Result "1-0"]
[WhiteTitle "IM"]
[WhiteElo "2446"]
[BlackElo "2204"]
[WhiteFideId "621650"]
[BlackFideId "806838"]
[EventDate "2010.11.13"]

1. d4 d5 2. c4 c6 3. Nc3 Nf6 4. e3 a6 5. Nf3 g6 6. a4 Bg7 7. Be2 O-O 8. O-O Bg4
9. Qb3 Ra7 10. cxd5 cxd5 11. h3 Bxf3 12. Bxf3 e6 13. Bd2 Nc6 14. Rfc1 Na5 15.
Qa2 Nc4 16. Be1 Ra8 17. b3 Nd6 18. a5 Nfe4 19. Nxe4 Nxe4 20. Qb1 f5 21. Ra2 Qd7
22. Rac2 Rf7 23. g3 Bf8 24. b4 Bd6 25. Be2 g5 26. Bf3 h5 27. Rb2 h4 28. g4 fxg4
29. Bxg4 Raf8 30. Kg2 Nf6 31. Bd1 Rg7 32. f3 e5 33. dxe5 Bxe5 34. Rf2 Bg3 35.
Qd3 Bxf2 36. Bxf2 d4 37. Bb3+ Kh8 38. Qxd4 Qxd4 39. exd4 Rd7 40. Rc5 Nh5 41.
Rxg5 Rg7 42. Bxh4 Nf4+ 43. Kf1 Rc8 44. Bg3 Rc3 45. Bd1 Nd5 46. Ke2 Ra3 47. Kd2
Nxb4 48. Bd6 Ra2+ 49. Kc3 Nd5+ 50. Kd3 Rxa5 51. f4 b5 52. Bb3 Nf6 53. Be5 Ra1
54. Be6 Ra3+ 55. Kc2 1-0